Fußball: Trainer der Champions League Sieger - Statistiken

Allgemein
  • Dieses Quiz wurde 802 mal gespielt
    202 seit der letzten Aktualisierung
  • Das Durchschnittsergebnis liegt bei 25 aus 33
Antwortstatistiken
Saison Team Trainer % Korrekt
2002/03 Milan Carlo Ancelotti
99%
2006/07 Milan Carlo Ancelotti
99%
2013/14 Real Carlo Ancelotti
99%
2021/22 Real Carlo Ancelotti
99%
2023/24 Real Carlo Ancelotti
99%
2008/09 Barca Pep Guardiola
99%
2010/11 Barca Pep Guardiola
99%
2022/23 Man City Pep Guardiola
99%
2018/19 Liverpool Jürgen Klopp
98%
2019/20 Bayern Hansi Flick
96%
2015/16 Real Zinédine Zidane
96%
2016/17 Real Zinédine Zidane
96%
2017/18 Real Zinédine Zidane
96%
2020/21 Chelsea Thomas Tuchel
94%
1997/98 Real Jupp Heynckes
93%
2012/13 Bayern Jupp Heynckes
93%
2014/15 Barca Luis Enrique
91%
2024/25 PSG Luis Enrique
91%
2003/04 Porto José Mourinho
90%
2009/10 Inter José Mourinho
90%
1998/99 Man Utd Sir Alex Ferguson
87%
2007/08 Man Utd Sir Alex Ferguson
87%
1996/97 Dortmund Ottmar Hitzfeld
65%
2000/01 Bayern Ottmar Hitzfeld
65%
2011/12 Chelsea Roberto Di Matteo
60%
2004/05 Liverpool Rafael Benítez
48%
2005/06 Barca Frank Rijkaard
43%
1994/95 Ajax Louis van Gaal
40%
1999/2000 Real Vicente del Bosque
38%
2001/02 Real Vicente del Bosque
38%
1995/96 Juventus Marcello Lippi
25%
1993/94 Milan Fabio Capello
19%
1992/93 Marseille Raymond Goethals
4%
Keine übereinstimmenden Quizze gefunden
Verteilung der Resultate
Anzahl Personen mit jedem Resultat
Perzentil nach korrekt beantworteten Fragen
Ihre Resultats-Entwicklung
Sie haben dieses Quiz seit der letzten Aktualisierung nicht gespielt